CorelDRAW! 3.0

Salvato in:
Dettagli Bibliografici
Autore principale: Štefl, Jaroslav
Natura: Libro
Lingua:ceco
Pubblicazione: Praha Grada 1993
Edizione:1. vyd.
Soggetti:
Tags: Aggiungi Tag
Nessun Tag, puoi essere il primo ad aggiungerne!!

MARC

LEADER 00000nam a2200000 4500
001 c003626
005 20221206074318.7
020 |a 80-85623-48-X 
041 0 |a cze 
044 |a CZ 
245 1 0 |a CorelDRAW! 3.0  |c Jaroslav Štefl 
250 |a 1. vyd. 
264 1 |a Praha  |b Grada  |c 1993 
300 |a 492 s. 
610 2 0 |a CorelDRAW 
610 2 0 |a CorelCHART 
610 2 0 |a CorelPHOTO-PAINT 
610 2 0 |a CorelSHOW 
610 2 0 |a CorelTRACE 
610 2 0 |a programy počítačové 
610 2 0 |a zabezpečenie programové 
100 1 |a Štefl, Jaroslav